A Buddha Fails Today/ (Record no. 203075)

MARC details
000 -LEADER
fixed length control field 00545nam a22001937a 4500
005 - DATE AND TIME OF LATEST TRANSACTION
control field 20240521120935.0
010 ## - LCCN (DPL NO)
LC control number ENG-140415
020 ## - INTERNATIONAL STANDARD BOOK NUMBER
Terms of availability 400.00
International Standard Book Number 9788177112856
035 ## - SYSTEM CONTROL NUMBER
System control number EN-140415
037 ## - SOURCE OF ACQUISITION
Source of stock number/acquisition DBAD
082 ## - DEWEY DECIMAL CLASSIFICATION NUMBER
Classification number 881
100 ## - MAIN ENTRY--PERSONAL NAME
Personal name Verma, Satish
245 ## - TITLE STATEMENT
Title A Buddha Fails Today/
Statement of responsibility, etc Satish Verma
260 ## - PUBLICATION, DISTRIBUTION, ETC. (IMPRINT)
Place of publication, distribution, etc Jaipur
Name of publisher, distributor, etc Sahityagar Classes
Date of publication, distribution, etc 2011
270 ## - ADDRESS
City Jaipur
Address 958,Dhamani market, Chaura Rasta
Postal code 302003
300 ## - PHYSICAL DESCRIPTION
Extent 102p.
Dimensions 23cm(Hb)
700 ## - ADDED ENTRY--PERSONAL NAME
Personal name Verma, Satish
9 (RLIN) 66560
942 ## - ADDED ENTRY ELEMENTS (KOHA)
Source of classification or shelving scheme Dewey Decimal Classification
Item type English Books
Classification part 881
Call number suffix VER
Holdings
Withdrawn status Lost status Not for loan Collection code Home library Current library Date acquired Source of acquisition Cost, normal purchase price Full call number Barcode Copy number Cost, replacement price Koha item type
      Non-fiction Central Jail Tihar Central Jail Tihar 21/05/2024 DBAD 400.00 881 VER EN-123947 1 400.00 English Books

© Delhi Public Library
Hit Counter
free hit counter